=LDR 00000nam 2200000 4500 =001 INLIS000000000024199 =005 20200504013812 =035 ##$$a 0010-061300000024199 =008 200504################g##########0#ind## =041 ##$$a Ind =082 ##$$a 2X3.541 =090 ##$$a 2X3.541, Shi p =100 1#$$a Shihab, Quraish =245 1#$$a Perjalanan menuju keabadian, Quraish Shihab /$c M. Quraish Shihab =260 ##$$a Jakarta :$b Lentera hati,$c 2001 =300 ##$$a 485 hlm, ; $c 12 x 19 cm =650 #4$$a Nuansa islami =850 ##$$a NBPNMAT =020 ##$$a 979-9048-03-9 =084 ##$$a 2X3.541 SHI p =990 ##$$a 170509/Pro.2002 =990 ##$$a 170510/Pro.2002 =990 ##$$a 0001/BPAP-NTB/20142015